Neue Quellen zur Geschichte der Brüderunität in der Zeit vor der Schlacht am Weissen Berg
| Titel: | Neue Quellen zur Geschichte der Brüderunität in der Zeit vor der Schlacht am Weissen Berg : Der Fund des Archivs von Matouš Konečný in Mladá Boleslav |
|---|---|
| Verfasser: | |
| In: |
Acta Comeniana, Band 22-23 (46-47) (2009), Seite 249-286 alle Artikel anzeigen |
| Veröffentlicht: | 2009 |
| Format: | Aufsatz |
| Sprache: | Tschechisch |
X
alg: 39338332 001A $01999:12-11-16 001B $03025:07-03-24 $t11:31:14.000 001C $06050:19-11-16 $t08:59:18.000 001D $01999:12-11-16 001U $0utf8 001X $00 002@ $0Aox 003@ $0393383326 007A $0393383326 $aHEB 007T $0Herdpp154923 010@ $acze 011@ $a2009 021A $aNeue Quellen zur Geschichte der Brüderunität in der Zeit vor der Schlacht am Weissen Berg $dDer Fund des Archivs von Matouš Konečný in Mladá Boleslav 028A $aJust $dJiří 031A $d22-23 (46-47) $h249-286 $j2009 037A $aRés. angl., čes. s. 286: Nové prameny k dějinám předbělohorské Jednoty bratrské. Nález archivu Matouše Konečného v Mladé Boleslavi 039B $aIn $8--Abvc--. Acta Comeniana. - Praha : Filosofia, 1969-. - ISSN 0231-5955 $x200900000220000751 $9047438355 044K $7107171953X $8Konečný, Matouš$Z1569-1622 [Tp1] $9359579906 044K $8Mladá Boleslav [Tg1] $9467683824 045T $a5,3 $a7,41 lok: 39338332 78 exp: 39338332 78 1 #EPN 201B/01 $007-03-24 $t11:02:44.000 201U/01 $0utf8 203@/01 $078949373X 208@/01 $a12-11-16 $be 209A/01 $a/ $f000 $x00 220C/01 $aHerkunft: Hú Av Čr Praha 244Z/01 $#Tschechien $#Tschechische Republik $#Tschechische Republik $#Tschechenland $#Tschechei Tschechien $#Česká Republika $#Czech Republic $#ČR $74303381-7 $8--Tg1--Tschechien $x01 $9086659812 244Z/01 $2Trx $#Böhmen $#Bohemia $#Czechy $8--Trx--Čechy $x02 $9391188941 244Z/01 $8--Tg1--Mladá Boleslav $x03 $9467683824 244Z/01 $2Trx $8--Trx--Konečný, Matouš$Z1572-1622 $x04 $9390940836 244Z/01 $2Trx $#korrespondenst $#susirašinėjimas $#Correspondences $#levelezés $#korespondencja $#korešpondencia $#korespondence $#laiškai $#Briefe $#Schriftverkehr $#listy $#listy $#dopisy $8--Trx--Korrespondenz $x05 $9391359568 244Z/01 $2Trx $#Vennaste kirik, evangeelne $#Evangelikų brolių bažnyčia Moravija $#Church, Moravian $#metodista templom $#gminy Braci Morawskich $#Jednota bratská $#Jednota bratrská, obnovená ochranovská $#Herrnhuter $#Brüdergemeine $#Brüderunität $#ochranovskí bratia $#ochranovští bratří $8--Trx--Brüderkirche, Evangelische $x06 $939138063X 244Z/01 $2Trx $#valitsemine, kiriku $#bažnyčios administracija $#administration, clerical $#közigazgatás, egyházi $#administracja kościelna $#správa, cirkevná $#správa církevní $#Kirchenverwaltung $8--Trx--Verwaltung, kirchliche $x07 $9391370561 244Z/01 $amajetek církevní $x08 244Z/01 $2Trx $#allikmaterial $#šaltiniai $#Source material, historical $#források $#źródła $#pramene $#prameny $8--Trx--Quellen $x09 $9391358375 244Z/01 $2Trx $8--Trx--Zeitschriftenaufsatz $x10 $9391384341 247C/01 $82080>Marburg/Lahn, Herder-Institut, Forschungsbibliothek, Bibliographieportal $9336309341
| LEADER | 00000caa a22000002c 4500 | ||
|---|---|---|---|
| 001 | 393383326 | ||
| 003 | DE-603 | ||
| 005 | 20240307113114.0 | ||
| 007 | tu | ||
| 008 | 161112s2009 xx |||| | u00||u|cze c | ||
| 035 | |a (DE-599)HEB393383326 | ||
| 040 | |a DE-603 |b ger |c DE-603 |d DE-603 | ||
| 041 | |a cze | ||
| 084 | |a 5,3 |a 7,41 |2 ssgn | ||
| 100 | 1 | |a Just, Jiří | |
| 245 | 0 | 0 | |a Neue Quellen zur Geschichte der Brüderunität in der Zeit vor der Schlacht am Weissen Berg |b Der Fund des Archivs von Matouš Konečný in Mladá Boleslav |
| 264 | 0 | |c 2009 | |
| 500 | |a Rés. angl., čes. s. 286: Nové prameny k dějinám předbělohorské Jednoty bratrské. Nález archivu Matouše Konečného v Mladé Boleslavi | ||
| 600 | 1 | 7 | |a Konečný, Matouš |d 1569-1622 |0 (DE-588)107171953X |0 (DE-603)359579906 |2 gnd |
| 651 | 7 | |a Mladá Boleslav |0 (DE-588)121550697X |0 (DE-603)467683824 |2 gnd | |
| 773 | 0 | 8 | |i In |t Acta Comeniana |d Praha : Filosofia, 1969- |x 0231-5955 |g Band 22-23 (46-47) (2009), Seite 249-286 |w (DE-603)047438355 |w (DE-600)253066-1 |
| 924 | 0 | |9 2080 |a (DE-603)78949373X |b DE-2080 |c HES |d d |g / | |


